| 000 | 01858cam a22004814i 4500 | ||
|---|---|---|---|
| 003 | PE-LiUPU | ||
| 005 | 20260407140900.0 | ||
| 008 | 150617s r 000 0 d | ||
| 035 | _a(Sirsi) a10660 | ||
| 040 |
_aPE-LiUPU _bspa _cPE-LiUPU _erda |
||
| 049 | _aPRUA | ||
| 082 | 0 | 4 |
_a226.06 _bO64p _220 |
| 100 | 1 |
_aOrbe, Antonio, _eautor. _98342 |
|
| 245 | 1 | 0 |
_aParábolas evangélicas en San Ireneo / _cAntonio Orbe. |
| 264 | 1 |
_aMadrid : _bBiblioteca de Autores Cristianos, _c1972. |
|
| 300 |
_a2 Tomos ; _c19 cm |
||
| 336 |
_atext _2rdacontent |
||
| 337 |
_aunmediated _2rdamedia |
||
| 338 |
_avolume _2rdacarrier |
||
| 490 | 0 |
_aBiblioteca de Autores Cristianos ; _v331 |
|
| 505 | 0 |
_tTomo 1: _aLas parábolas -- El amigo importuno -- La casa sobre roca -- El buen samaritano -- El hijo pródigo -- La higuera influctuosa -- Los malos viñadores -- El fariseo y el publicano -- La cizaña -- El juez inicuo -- Los obreros de la viña. |
|
| 505 | 0 |
_tTomo 2: _aLa parábola de los talentos -- Los dos hijos enviados a la viña -- El rico necio -- La oveja perdida -- La semilla que grana -- El mayordomo infiel -- Bodas reales -- El epulón y Lázaro -- El margen de dos parábolas. |
|
| 526 | _aSEG42 | ||
| 526 | _aSEG41 | ||
| 526 | _aSEG40 | ||
| 526 | _aSEG39 | ||
| 526 | _aP94 | ||
| 526 | _aP87 | ||
| 526 | _aP86 | ||
| 526 | _aP85 | ||
| 526 | _aP77 | ||
| 526 | _aP76 | ||
| 526 | _aP35 | ||
| 600 | 2 | 4 |
_aIreneo, Santo, Obispo de Lyon, _dca. 130-202 _xTeología _98320 |
| 630 | 2 | 4 |
_aBiblia. _pEvangelios _xCrítica e interpretación _91443 |
| 650 | 1 | 4 |
_aParábolas bíblicas _91498 _xInterpretación |
| 650 | 2 | 4 |
_aExégesis bíblica _xHistoria _xIglesia primitiva _98343 |
| 650 | 2 | 0 |
_aTeología patrística _98344 |
| 910 | _ajck | ||
| 942 |
_2ddc _cBK |
||
| 980 |
_818226 _gJaime Vilcazán Jefe de Análisis Documental |
||
| 999 |
_c729 _d729 |
||